Statistiken für Filme und Serientitel- Lücken füllen #01

Klicken Sie hier um das Quiz zu spielen!

Allgemein

  • Dieses Quiz wurde 9.298 mal gespielt
  • Das Durchschnittsergebnis liegt bei 16 aus 24

Antwortstatistiken

Videospiel% Korrekt
Der Herr der {Ringe}
99%
{Game} of Thrones
98%
The Imitation {Game}
98%
Breaking {Bad}
96%
Sex and The {City}
93%
{Sex} Education
91%
The Wolf of {Wall} {Street}
86%
{Orange} is the new Black
82%
House of {Cards}
79%
The Truman {Show}
78%
{Tote} {Mädchen} lügen nicht
75%
The {Hunger} Games
73%
Harry Potter und der {Gefangene} von {Askaban}
72%
Marvel's The {Avengers}
69%
{Better} Call Saul
66%
James Bond: Casino {Royale}
64%
Die üblichen {Verdächtigen}
58%
Mord im {Orient} {Express}
56%
The Queen's {Gambit}
43%
{Solo}: A Star Wars Story
39%
Peaky Blinders: {Gangs} {of} {Birmingham}
31%
Zack Snyders {Justice} {League}
26%
{Jurassic} {World} 2: Das gefallene Königreich
23%
{Black} {Mirror}: Bandersnatch
17%

Verteilung der Resultate

Perzentil nach korrekt beantworteten Fragen

Anzahl Personen mit jedem Resultat

Ihre Resultats-Entwicklung

Sie haben dieses Quiz noch nicht gespielt